Samskratiya shodhadalli: Indo French samskratika vinimaya anubhava kathana (Record no. 142645)

MARC details
000 -LEADER
fixed length control field 00980nam a2200289Ia 4500
003 - CONTROL NUMBER IDENTIFIER
control field OSt
005 - DATE AND TIME OF LATEST TRANSACTION
control field 20260212092936.0
008 - FIXED-LENGTH DATA ELEMENTS--GENERAL INFORMATION
fixed length control field 210210b2003 xxu||||| |||| 00| 0 eng d
040 ## - CATALOGING SOURCE
Transcribing agency AL
041 ## - LANGUAGE CODE
Language code of text/sound track or separate title Kannada
082 ## - DEWEY DECIMAL CLASSIFICATION NUMBER
Classification number 914.404K PRAS
100 ## - MAIN ENTRY--PERSONAL NAME
Personal name PRABHAKARA SHISHILA
Dates associated with a name ಪ್ರಭಾಕರ ಶಿಶಿಲ
9 (RLIN) 254477
245 ## - TITLE STATEMENT
Title Samskratiya shodhadalli: Indo French samskratika vinimaya anubhava kathana
Remainder of title ಸಂಸ್ಕೃತೀಯ ಶೋಧದಲ್ಲಿ: ಇಂಡೋ ಫ್ರೆಂಚ್ ಸಂಸ್ಕೃತೀಯ ವಿನಮಯ ಅನುಭವ ಕಥನ
260 ## - PUBLICATION, DISTRIBUTION, ETC.
Place of publication, distribution, etc. Maisuru
Name of publisher, distributor, etc. Raj Prakashana
Date of publication, distribution, etc. 2003
300 ## - PHYSICAL DESCRIPTION
Extent viii,188
650 ## - SUBJECT ADDED ENTRY--TOPICAL TERM
Topical term or geographic name entry element vinimaya
9 (RLIN) 254478
650 ## - SUBJECT ADDED ENTRY--TOPICAL TERM
Topical term or geographic name entry element shOdhadalli:
9 (RLIN) 254479
650 ## - SUBJECT ADDED ENTRY--TOPICAL TERM
Topical term or geographic name entry element Samskratiya
9 (RLIN) 254480
650 ## - SUBJECT ADDED ENTRY--TOPICAL TERM
Topical term or geographic name entry element samskratika
9 (RLIN) 254481
650 ## - SUBJECT ADDED ENTRY--TOPICAL TERM
Topical term or geographic name entry element kathana
9 (RLIN) 254482
650 ## - SUBJECT ADDED ENTRY--TOPICAL TERM
Topical term or geographic name entry element inDo
9 (RLIN) 254483
650 ## - SUBJECT ADDED ENTRY--TOPICAL TERM
Topical term or geographic name entry element French
9 (RLIN) 254484
650 ## - SUBJECT ADDED ENTRY--TOPICAL TERM
Topical term or geographic name entry element anubhava
9 (RLIN) 254485
690 ## - LOCAL SUBJECT ADDED ENTRY--TOPICAL TERM (OCLC, RLIN)
Topical term or geographic name as entry element Travel
9 (RLIN) 254486
906 ## - LOCAL DATA ELEMENT F, LDF (RLIN)
a 065232
942 ## - ADDED ENTRY ELEMENTS (KOHA)
Source of classification or shelving scheme Dewey Decimal Classification
Koha item type Book
Holdings
Withdrawn status Lost status Source of classification or shelving scheme Damaged status Not for loan Collection code Home library Current library Shelving location Date acquired Source of acquisition Cost, normal purchase price Total Checkouts Full call number Barcode Date last seen Price effective from Koha item type
    Dewey Decimal Classification     Kannada St Aloysius Library St Aloysius Library   02/17/2021 Athree Book Centre Balmatta, Mangalore-01 100.00   914.404K PRAS 065232 02/17/2021 02/17/2021 Book